« Retourner aux résultats de recherche
mots pour aimer la philosophie (Les)
| D'autres auteurs: | Christophe Lamoure |
|---|---|
| Support: | Livres |
| Langue: | Francais |
| Genre: |
Documentaire |
| Sujets: | |
| Étiquettes: |
Ajouter
Pas de Tags !
|
| LEADER | 00714nam0a2200181 450 | ||
|---|---|---|---|
| 001 | 16847998 | ||
| 010 | |a 978-2-7459-3296-9 |b Br. |d 4,95 | ||
| 100 | |a 20080509d2008 u u0frey01 ba | ||
| 101 | 0 | |a fre | |
| 102 | |a FR | ||
| 200 | 0 | |a mots pour aimer la philosophie (Les) |f Christophe Lamoure | |
| 207 | 1 | |a | |
| 215 | |a 95 p. |d 12 x 12 cm | ||
| 330 | |a Des citations, pensées, maximes sur la philosophie autour de quatre thèmes : questionner le monde, oser penser, chercher la vérité, de l'utilité de philosopher. | ||
| 702 | 0 | |a Lamoure |b Christophe |4 80 | |
| 900 | |a Documentaire | ||
| 901 | |a Accessible au prêt | ||
| 995 | |a Bibliothèque |c Bibliothèque |f 00156007505688 |h 00156007505688 |k 101 LAM |o p |q a |r az |e Bibliothèque | ||
